Страны, граничащие с Францией - Statistics

General Stats
  • This quiz has been taken 4 897 times
  • The average score is 7 of 8
Answer Stats
Протяженность границы Страна % Correct
451 км Германия
98%
623 км Испания
98%
620 км Бельгия
90%
488 км Италия
90%
573 км Швейцария
86%
73 км Люксембург
82%
56,6 км Андорра
73%
4,4 км Монако
73%
No matching quizzes found
Score Distribution
Percent of People with Each Score
Percentile by Number Answered
Your Score History
You have not taken this quiz